Vida rima com cordel (Record no. 75050)

MARC details
000 -LÍDER
campo de controle de tamanho fixo 00353 a2200157 4500
001 - NÚMERO DE CONTROLE
campo de controle 75050
020 ## - ISBN - INTERNATIONAL STANDARD BOOK NUMBER
ISBN - International Standard Book Number 9788561730994
040 ## - FONTE DA CATALOGAÇÃO
Instituição que transcreveu o registro Anchieta - Colégio São Paulo
100 ## - ENTRADA PRINCIPAL--NOME PESSOAL
Nome pessoal Obeid, César
240 10 - TÍTULO UNIFORME
Título uniforme Vida rima com cordel
Idioma da obra por
245 10 - TÍTULO
Título Vida rima com cordel
300 ## - DESCRIÇÃO FÍSICA
Extensão 40
362 0# - DATAS DE PUBLICAÇÃO E/OU DESIGNAÇÃO SEQUENCIAL
Datas de publicação e/ou designação sequencial 2013
650 #4 - ASSUNTO--TERMO TÓPICO
Cabeçalho tópico ou nome geográfico Literatura juvenil
942 ## - ELEMENTOS DE ENTRADA ADICIONADOS (KOHA)
Tipo de material Koha Livros
Holdings
Situação do descarte Situação das perdas Situação física Não pode ser emprestado Biblioteca de origem Biblioteca atual Data de aquisição Total de empréstimos Número de chamada completo Código de barras Data de último acesso Data do preço efetivo Tipo de material Koha
        Colégio São Paulo Colégio São Paulo 22/11/2023   LJ 028.5 O122v 6270/CSP 22/11/2023 22/11/2023 Livros
        Colégio São Paulo Colégio São Paulo 22/11/2023   LJ 028.5 O122v 6271/CSP 22/11/2023 22/11/2023 Livros